5HLuxD.jpg

KING HENRY VIII SENIOR AND PRIMARY SCHOOL LIBRARY OPAC

Elon Musk : (Record no. 627)

000 -LEADER
fixed length control field 01148nam a2200349 i 4500
001 - CONTROL NUMBER
control field 020527139
003 - CONTROL NUMBER IDENTIFIER
control field UkOxU
005 - DATE AND TIME OF LATEST TRANSACTION
control field 20190904144705.0
008 - FIXED-LENGTH DATA ELEMENTS--GENERAL INFORMATION
fixed length control field 151123t20162015enkaf b 000|0beng|d
015 ## - NATIONAL BIBLIOGRAPHY NUMBER
National bibliography number GBB601514
Source bnb
020 ## - INTERNATIONAL STANDARD BOOK NUMBER
International Standard Book Number 9780753555644
Qualifying information paperback
035 ## - SYSTEM CONTROL NUMBER
System control number (Uk)017693086
040 ## - CATALOGING SOURCE
Original cataloging agency StDuBDS
Language of cataloging eng
Description conventions rda
Transcribing agency StDuBDS
Modifying agency UkOxU
082 04 - DEWEY DECIMAL CLASSIFICATION NUMBER
Classification number 338 VAN
Edition number 23
100 1# - MAIN ENTRY--PERSONAL NAME
Personal name Vance, Ashlee,
Relator term author.
245 10 - TITLE STATEMENT
Title Elon Musk :
Remainder of title how the billionaire CEO of SpaceX and Tesla is shaping our future /
Statement of responsibility, etc. Ashlee Vance.
264 #1 - PRODUCTION, PUBLICATION, DISTRIBUTION, MANUFACTURE, AND COPYRIGHT NOTICE
Place of production, publication, distribution, manufacture London :
Name of producer, publisher, distributor, manufacturer Virgin Books,
Date of production, publication, distribution, manufacture, or copyright notice 2016.
264 #4 - PRODUCTION, PUBLICATION, DISTRIBUTION, MANUFACTURE, AND COPYRIGHT NOTICE
Date of production, publication, distribution, manufacture, or copyright notice ©2015
300 ## - PHYSICAL DESCRIPTION
Extent 392 pages, 16 unnumbered pages of plates :
Other physical details illustrations ;
Dimensions 20 cm
336 ## - CONTENT TYPE
Content type term text
Source rdacontent
337 ## - MEDIA TYPE
Media type term unmediated
Source rdamedia
338 ## - CARRIER TYPE
Carrier type term volume
Source rdacarrier
500 ## - GENERAL NOTE
General note Originally published: 2015.
504 ## - BIBLIOGRAPHY, ETC. NOTE
Bibliography, etc. note Includes bibliographical references.
600 10 - SUBJECT ADDED ENTRY--PERSONAL NAME
Personal name Musk, Elon.
650 #0 - SUBJECT ADDED ENTRY--TOPICAL TERM
Topical term or geographic name entry element Businesspeople
Geographic subdivision United States
Form subdivision Biography.
650 #0 - SUBJECT ADDED ENTRY--TOPICAL TERM
Topical term or geographic name entry element Businesspeople
Geographic subdivision South Africa
Form subdivision Biography.
650 #0 - SUBJECT ADDED ENTRY--TOPICAL TERM
Topical term or geographic name entry element Entrepreneurship.
942 ## - ADDED ENTRY ELEMENTS (KOHA)
Source of classification or shelving scheme
Koha item type Books - Non Ficton
Holdings
Withdrawn status Lost status Source of classification or shelving scheme Damaged status Not for loan Collection code Permanent Location Current Location Shelving location Date acquired Total Checkouts Full call number Barcode Date last seen Date last checked out Price effective from Koha item type
          Non-Fiction KH8 Senior School Library KH8 Senior School Library Non Fiction 2019-09-04 1 338 VAN 3KHSL000101332 2025-03-19 2025-03-19 2019-09-04 Books - Non Ficton

Powered By KH8 IT Dept